000
00301nam a22001337a 4500
008
170321b xxu||||| |||| 00| 0 eng d
020
_a
9781930513914
041
_a
eng
080
_a
0881676047
100
_a
7
101
_a
SHM
245
_a
CONGENITAL HEART DISEASE
_c
HIGGINS, CH.B
942
_2
udc
_c
BK
999
_c
8266
_d
8266